Visualizzazione normale
Vista MARC
- Compañía del Salvador
di Corporate Name
Records bibliografici associati: 2
001 - CONTROL NUMBER
- control field: 15450
003 - CONTROL NUMBER IDENTIFIER
- control field: IT-RoINE
005 - DATE AND TIME OF LATEST TRANSACTION
- control field: 20141210124507.0
008 - FIXED-LENGTH DATA ELEMENTS
- fixed length control field: 141210|| aca||aabn | a|a d
040 ## - CATALOGING SOURCE
- Original cataloging agency: IT-RoINE
- Transcribing agency: IT-RoINE
110 ## - HEADING--CORPORATE NAME
- Corporate name or jurisdiction name as entry element: Compañía del Salvador
670 ## - SOURCE DATA FOUND
- Source citation: Work cat.: (IT-RoINE)0: Félix Torres, María, 1907-2001 15449, "Recuerdos de mi vida" :, 2009.